Space and society (Record no. 261941)

MARC details
000 -LEADER
fixed length control field 00648nam a2200229Ia 4500
003 - CONTROL NUMBER IDENTIFIER
control field OSt
005 - DATE AND TIME OF LATEST TRANSACTION
control field 20220918214751.0
008 - FIXED-LENGTH DATA ELEMENTS--GENERAL INFORMATION
fixed length control field 220917b |||||||| |||| 00| 0 eng d
037 ## - SOURCE OF ACQUISITION
Terms of availability Textual
040 ## - CATALOGING SOURCE
Original cataloging agency ARTS
Transcribing agency ARTS
Language of cataloging eng
041 ## - LANGUAGE CODE
Source of code eng
Language code of text/sound track or separate title eng
100 ## - MAIN ENTRY--PERSONAL NAME
Personal name Taubenfeld Howard J ed
9 (RLIN) 132483
245 #0 - TITLE STATEMENT
Title Space and society
Remainder of title studies for the seminar on problems of outer space
260 ## - PUBLICATION, DISTRIBUTION, ETC.
Place of publication, distribution, etc. N.Y
Name of publisher, distributor, etc. Ocean
Date of publication, distribution, etc. 1964
650 ## - SUBJECT ADDED ENTRY--TOPICAL TERM
Topical term or geographic name entry element SOCIOLOGY
942 ## - ADDED ENTRY ELEMENTS (KOHA)
Classification part Y0aD6:48x, K4
Koha item type Textual
Source of classification or shelving scheme Colon Classification (CC)
Holdings
Withdrawn status Lost status Damaged status Not for loan Home library Current library Date acquired Total Checkouts Full call number Barcode Date last seen Price effective from Koha item type
        Arts Library Arts Library 2022-09-18   Y0aD6:48x K4 AL0515843 2022-09-18 2022-09-18 Textual
Copyright @ Delhi University Library System